00976nam a2200265 i 4500001000300000003000400003005001700007008004100024040000800065041000700073080001000080080001000090100004500100245013700145260004000282300004600322521004000368650003800408650001700446856009800463942001200561999001700573952005900590952006100649bgBPK20221024142105.0990909s1998 pl f |000 0 pol d cBPK0 apl a621.7 a621.91 aMarciniak, Zdzisławd(1918-2020)eAutor10aTechnologia wytłoczek i konstrukcja tłoczników :bzeszyty problemowe /cZdzisław Marciniak ; Ośrodek Techniczny A. Marciniak. aWarszawa :bOT A. Marciniak,c1998. a376 k. pag.varia :brys., wykr. ;c29 cm. aZawiera 15 zesz. w 2 częściach. 4aTłocznikixbudowa i konstrukcje. 4aTłocznictwo uhttp://koha.tu.koszalin.pl/cgi-bin/koha/opac-detail.pl?biblionumber=33845yKatalog online BPK cKS2UKD c33845d33845 00104071aBPKbBPKcco45477p01366211t621.9 OsyKS 00104070aBPKbBPKcwo45478p01366204s2021-03-13yKS